000 00779nam a2200229 i 4500
001 17968
003 ES-MaACL
005 20230906151728.0
007 t|
008 010709s1998 sp ||||1| spa d
080 _a821.134.2-34"19"
100 1 _aRiveiro Coello, Antón.
_997601
245 1 0 _aCrónica del delirio /
_cAnton Riveiro Coello. Geranios de la madama / José Antonio Escrig Aparicio.
260 _aSegorbe :
_bAyuntamiento :
_bFundación Max Aub,
_c[1998]
300 _a28 p. :
_bil. ;
_c24 cm.
500 _aX Premio de cuentos Max Aub.
700 1 _aEscrig Aparicio, José Antonio.
_947651
710 2 _aFundación Max Aub.
_94367
710 1 _aSegorbe.
_bAyuntamiento.
_96539
740 0 _aGeranios de la madama.
852 _aES-MaACL
_j2164-F-18
_bR.128548
999 _c17968
_d17968